Five Biggest Cities by Anglosphere Country - Statistics

General Stats
  • This quiz has been taken 306 times
  • The average score is 24 of 30
Answer Stats
Country Population City % Correct
United Kingdom 13,709,000 London
98%
United States 24,214,083 New York City
98%
Australia 5,312,163 Sydney
98%
Ireland 1,173,179 Dublin
97%
United States 18,481,569 Los Angeles
96%
Canada 5,928,040 Toronto
96%
Australia 5,078,193 Melbourne
95%
United Kingdom 2,556,000 Manchester
94%
United States 9,729,825 Chicago
92%
Canada 2,463,431 Vancouver
92%
Canada 4,098,927 Montreal
90%
United Kingdom 3,683,000 Birmingham
89%
Australia 2,085,973 Perth
89%
United Kingdom 2,241,000 Liverpool
88%
New Zealand 1,467,800 Auckland
87%
New Zealand 215,400 Wellington
86%
Australia 2,514,184 Brisbane
84%
Australia 1,359,760 Adelaide
81%
Ireland 208,669 Cork
81%
United Kingdom 1,395,000 Glasgow
79%
United States 8,718,083 Washington D.C.
77%
Canada 1,392,609 Calgary
76%
United States 7,601,061 Boston
75%
New Zealand 377,200 Christchurch
74%
Canada 1,321,426 Edmonton
73%
Ireland 94,192 Limerick
54%
Ireland 79,934 Galway
51%
Ireland 53,504 Waterford
36%
New Zealand 169,300 Hamilton
30%
New Zealand 135,000 Tauranga
15%
No matching quizzes found
Score Distribution
Percent of People with Each Score
Percentile by Number Answered
Your Score History
You have not taken this quiz